<?xml version="1.0" encoding="UTF-8"?>
<record
    xmlns:xsi="http://www.w3.org/2001/XMLSchema-instance"
    xsi:schemaLocation="http://www.loc.gov/MARC21/slim http://www.loc.gov/standards/marcxml/schema/MARC21slim.xsd"
    xmlns="http://www.loc.gov/MARC21/slim">

  <leader>00751nam a2200181   4500</leader>
  <controlfield tag="001">133210</controlfield>
  <controlfield tag="003">ES-MaACL</controlfield>
  <controlfield tag="005">20250824063042.0</controlfield>
  <controlfield tag="007">t|</controlfield>
  <controlfield tag="008">070214s1917    sp      r    ||||1| spa d</controlfield>
  <datafield tag="100" ind1="1" ind2=" ">
    <subfield code="a">Rubi&#xF3; y Bellv&#xE9;, Mariano,</subfield>
    <subfield code="d">1862-1938</subfield>
    <subfield code="9">100453</subfield>
  </datafield>
  <datafield tag="245" ind1="1" ind2="0">
    <subfield code="a">Filosof&#xED;a de la guerra </subfield>
    <subfield code="b">: juicios, observaciones y comentarios relativos a la gran lucha de las naciones / </subfield>
    <subfield code="c">M. Rubi&#xF3; y Bellv&#xE9; ; pr&#xF3;logo de Miguel S. Oliver. </subfield>
    <subfield code="n">, . I, </subfield>
    <subfield code="p">Art&#xED;culos publicados en La Vanguardia de Barcelona durante los a&#xF1;os 1915 y 1916.</subfield>
  </datafield>
  <datafield tag="260" ind1=" " ind2=" ">
    <subfield code="a">Barcelona : </subfield>
    <subfield code="b">Minerva, </subfield>
    <subfield code="c">[1917]</subfield>
  </datafield>
  <datafield tag="300" ind1=" " ind2=" ">
    <subfield code="a">433 p. ; </subfield>
    <subfield code="c">18 x 12 cm.</subfield>
  </datafield>
  <datafield tag="700" ind1="1" ind2=" ">
    <subfield code="a">Oliver, Miquel dels Sants, </subfield>
    <subfield code="d">1864-1920</subfield>
    <subfield code="9">86825</subfield>
  </datafield>
  <datafield tag="852" ind1=" " ind2=" ">
    <subfield code="a">ES-MaACL</subfield>
    <subfield code="j">F-607</subfield>
  </datafield>
  <datafield tag="999" ind1=" " ind2=" ">
    <subfield code="c">133210</subfield>
    <subfield code="d">133210</subfield>
  </datafield>
  <datafield tag="952" ind1=" " ind2=" ">
    <subfield code="0">0</subfield>
    <subfield code="1">0</subfield>
    <subfield code="4">0</subfield>
    <subfield code="7">0</subfield>
    <subfield code="a">ATENEOM</subfield>
    <subfield code="b">ATENEOM</subfield>
    <subfield code="c">DEPO2</subfield>
    <subfield code="d">2008-01-17</subfield>
    <subfield code="e">SC</subfield>
    <subfield code="l">0</subfield>
    <subfield code="o">F-607</subfield>
    <subfield code="p">1138676</subfield>
    <subfield code="r">2023-02-23 00:00:00</subfield>
    <subfield code="w">2023-02-23</subfield>
    <subfield code="y">MONOGRAFIA</subfield>
  </datafield>
</record>
